000 00961nam a2200289Ia 4500
003 OSt
005 20221005092623.0
006 a|||||r|||| 00| 0
007 ta
008 221004b |||||||| |||| 00| 0 eng d
020 _a9780415743198 (pbk)
_cUKP 33.99
024 _a34124
037 _b8741, 14/09/2017, Ahuja Book Company Pvt. Ltd.
_cTextual
040 _aCRL
_cCRL
_beng
041 _2eng
_aeng
082 _aT6, Q6
100 _aQuigney Theresa A. Au.
_9617594
245 0 _aWorking with students with disabilities
_b a guide for school counselors
260 _aNew York
_bRoutledge USA
_c2016
300 _axi,237p.
_ccm.
650 _a EDUCATION
650 _a PEOPLE WITH DISABILITIES
_9617595
650 _aCOUNSELING
_933625
700 _a Studer Jeannine Au.
_9617596
942 _hT6, Q6
_cTEXL
_2cc
999 _c999117
_d999117